[Event "English Open Championship 2024"]
[Site "Holiday Inn, 212 Abbey End, Kenilworth CV8 1ED, United Kingdom"]
[Date "2024.06.20"]
[Round "1.28"]
[White "Quraishi, Shahab U A"]
[Black "Khoury, Theo"]
[Result "0-1"]
[TimeControl "G90 + 30secs/move"]
[WhiteFideId "455199"]
[BlackFideId "480703"]
[WhiteElo "1898"]
[BlackElo "2057"]

1. e4 {[%clk 01:30:57]} {[%emt 00:00:03]} c5 {[%clk 01:30:51]} {[%emt
00:00:09]} 2. Nf3 {[%clk 01:31:20]} {[%emt 00:00:07]} d6 {[%clk 01:31:14]}
{[%emt 00:00:07]} 3. Bc4 {[%clk 01:31:10]} {[%emt 00:00:39]} Nf6 {[%clk
01:31:29]} {[%emt 00:00:15]} 4. d3 {[%clk 01:31:27]} {[%emt 00:00:14]} e6
{[%clk 01:31:12]} {[%emt 00:00:47]} 5. c3 {[%clk 01:31:28]} {[%emt 00:00:29]}
Be7 {[%clk 01:30:26]} {[%emt 00:01:15]} 6. Bb3 {[%clk 01:30:59]} {[%emt
00:00:59]} b5 {[%clk 01:25:25]} {[%emt 00:05:32]} 7. Nbd2 {[%clk 01:30:58]}
{[%emt 00:00:32]} Bb7 {[%clk 01:25:43]} {[%emt 00:00:11]} 8. O-O {[%clk
01:31:17]} {[%emt 00:00:11]} O-O {[%clk 01:26:00]} {[%emt 00:00:13]} 9. Re1
{[%clk 01:31:33]} {[%emt 00:00:14]} Nbd7 {[%clk 01:21:28]} {[%emt 00:05:02]} 10.
Qe2 {[%clk 01:27:28]} {[%emt 00:04:35]} Rc8 {[%clk 01:19:12]} {[%emt 00:02:46]}
11. d4 {[%clk 01:26:04]} {[%emt 00:01:54]} Qb6 {[%clk 01:19:12]} {[%emt
00:00:29]} 12. e5 {[%clk 01:23:36]} {[%emt 00:02:58]} Ne8 {[%clk 01:14:56]}
{[%emt 00:04:46]} 13. Ne4 {[%clk 01:23:12]} {[%emt 00:00:56]} cxd4 {[%clk
01:14:11]} {[%emt 00:01:15]} 14. cxd4 {[%clk 01:23:18]} {[%emt 00:00:24]} dxe5
{[%clk 01:09:55]} {[%emt 00:04:46]} 15. dxe5 {[%clk 01:23:24]} {[%emt
00:00:24]} Nc5 {[%clk 01:09:03]} {[%emt 00:01:22]} 16. Bc2 {[%clk 01:16:29]}
{[%emt 00:07:24]} Nc7 {[%clk 01:05:53]} {[%emt 00:03:41]} 17. Nxc5 {[%clk
01:10:50]} {[%emt 00:06:09]} Bxc5 {[%clk 01:05:01]} {[%emt 00:01:22]} 18. Bxh7+
{[%clk 01:09:37]} {[%emt 00:01:43]} Kxh7 {[%clk 00:53:45]} {[%emt 00:11:45]} 19.
Ng5+ {[%clk 01:09:53]} {[%emt 00:00:14]} Kg6 {[%clk 00:54:04]} {[%emt
00:00:12]} 20. Qd3+ {[%clk 01:05:52]} {[%emt 00:04:30]} f5 {[%clk 00:54:22]}
{[%emt 00:00:12]} 21. Qg3 {[%clk 01:05:37]} {[%emt 00:00:45]} Bxf2+ {[%clk
00:47:28]} {[%emt 00:07:24]} 22. Qxf2 {[%clk 01:06:05]} {[%emt 00:00:02]} Qxf2+
{[%clk 00:47:49]} {[%emt 00:00:10]} 23. Kxf2 {[%clk 01:06:33]} {[%emt
00:00:01]} f4 {[%clk 00:44:54]} {[%emt 00:03:25]} 24. Ne4 {[%clk 00:58:42]}
{[%emt 00:08:21]} Bxe4 {[%clk 00:45:17]} {[%emt 00:00:07]} 25. Rxe4 {[%clk
00:59:10]} {[%emt 00:00:02]} Nd5 {[%clk 00:45:40]} {[%emt 00:00:08]} 26. Kf3
{[%clk 00:57:31]} {[%emt 00:02:08]} Rc2 {[%clk 00:42:54]} {[%emt 00:03:16]} 27.
Rb1 {[%clk 00:56:41]} {[%emt 00:01:20]} Kh5 {[%clk 00:40:05]} {[%emt 00:03:19]}
28. h4 {[%clk 00:52:43]} {[%emt 00:04:28]} Kxh4 {[%clk 00:37:34]} {[%emt
00:03:01]} 29. g3+ {[%clk 00:53:05]} {[%emt 00:00:08]} Kh5 {[%clk 00:36:36]}
{[%emt 00:01:28]} 30. gxf4 {[%clk 00:52:05]} {[%emt 00:01:30]} g5 {[%clk
00:36:42]} {[%emt 00:00:25]} 31. Be3 {[%clk 00:47:39]} {[%emt 00:04:55]} Rh2
{[%clk 00:34:38]} {[%emt 00:02:35]} 32. Rg1 {[%clk 00:38:28]} {[%emt 00:09:40]}
Rh3+ {[%clk 00:32:40]} {[%emt 00:02:27]} 33. Kf2 {[%clk 00:38:37]} {[%emt
00:00:22]} Nxe3 {[%clk 00:28:16]} {[%emt 00:04:54]} 34. Rxe3 {[%clk 00:36:48]}
{[%emt 00:02:19]} Rxf4+ {[%clk 00:28:36]} {[%emt 00:00:10]} 35. Ke2 {[%clk
00:36:48]} {[%emt 00:00:30]} g4 {[%clk 00:28:22]} {[%emt 00:00:44]} 36. Rxh3+
{[%clk 00:35:33]} {[%emt 00:01:45]} gxh3 {[%clk 00:28:45]} {[%emt 00:00:07]} 37.
Rg7 {[%clk 00:33:36]} {[%emt 00:02:27]} Rh4 {[%clk 00:28:52]} {[%emt 00:00:23]}
38. Rg1 {[%clk 00:33:00]} {[%emt 00:01:07]} h2 {[%clk 00:29:16]} {[%emt
00:00:06]} 39. Rh1 {[%clk 00:33:29]} Kg4 {[%clk 00:29:38]} {[%emt 00:00:08]} 40.
Kf2 {[%clk 00:33:52]} {[%emt 00:00:07]} Kh3 {[%clk 00:29:34]} {[%emt 00:00:33]}
41. Re1 {[%clk 00:32:37]} {[%emt 00:01:45]} Rf4+ {[%clk 00:29:56]} {[%emt
00:00:09]} 42. Ke3 {[%clk 00:32:58]} {[%emt 00:00:08]} Rf5 {[%clk 00:30:22]}
{[%emt 00:00:05]} 0-1

[Event "English Open Championship 2024"]
[Site "Holiday Inn, 212 Abbey End, Kenilworth CV8 1ED, United Kingdom"]
[Date "2024.06.20"]
[Round "1.29"]
[White "Banerjee, Supratit"]
[Black "De Coverly, Roger D"]
[Result "1-0"]
[TimeControl "G90 + 30secs/move"]
[WhiteFideId "2410079"]
[BlackFideId "405213"]
[WhiteElo "2115"]
[BlackElo "1923"]

1. e4 {[%clk 01:30:52]} {[%emt 00:00:07]} e5 {[%clk 01:30:54]} {[%emt
00:00:07]} 2. Nf3 {[%clk 01:30:55]} {[%emt 00:00:27]} Nc6 {[%clk 01:31:18]}
{[%emt 00:00:06]} 3. d4 {[%clk 01:30:39]} {[%emt 00:00:45]} exd4 {[%clk
01:31:43]} {[%emt 00:00:06]} 4. Nxd4 {[%clk 01:30:57]} {[%emt 00:00:12]} Bb4+
{[%clk 01:31:10]} {[%emt 00:01:02]} 5. c3 {[%clk 01:30:57]} {[%emt 00:00:31]}
Bc5 {[%clk 01:31:37]} {[%emt 00:00:04]} 6. Be3 {[%clk 01:31:08]} {[%emt
00:00:17]} Bb6 {[%clk 01:31:13]} {[%emt 00:00:54]} 7. Nf5 {[%clk 01:30:28]}
{[%emt 00:01:10]} Bxe3 {[%clk 01:29:46]} {[%emt 00:01:59]} 8. Nxe3 {[%clk
01:30:41]} {[%emt 00:00:16]} Nf6 {[%clk 01:28:10]} {[%emt 00:02:07]} 9. Nd2
{[%clk 01:18:49]} {[%emt 00:12:22]} d5 {[%clk 01:27:15]} {[%emt 00:01:24]} 10.
exd5 {[%clk 01:18:21]} {[%emt 00:00:57]} Nxd5 {[%clk 01:26:19]} {[%emt
00:01:27]} 11. Ndc4 {[%clk 01:13:54]} {[%emt 00:04:58]} Be6 {[%clk 01:24:32]}
{[%emt 00:02:16]} 12. Nxd5 {[%clk 01:08:24]} {[%emt 00:05:59]} Qxd5 {[%clk
01:24:24]} {[%emt 00:00:38]} 13. Qxd5 {[%clk 00:59:26]} {[%emt 00:09:28]} Bxd5
{[%clk 01:24:47]} {[%emt 00:00:07]} 14. Ne3 {[%clk 00:52:03]} {[%emt 00:07:53]}
O-O-O {[%clk 01:23:24]} {[%emt 00:01:53]} 15. Bb5 {[%clk 00:51:10]} {[%emt
00:01:24]} a6 {[%clk 01:21:06]} {[%emt 00:02:49]} 16. Ba4 {[%clk 00:48:03]}
{[%emt 00:03:36]} Ne5 {[%clk 01:19:13]} {[%emt 00:02:22]} 17. Bc2 {[%clk
00:38:27]} {[%emt 00:10:07]} Be6 {[%clk 01:15:32]} {[%emt 00:04:10]} 18. Rd1
{[%clk 00:30:27]} {[%emt 00:08:30]} Rxd1+ {[%clk 01:12:34]} {[%emt 00:03:28]}
19. Kxd1 {[%clk 00:29:05]} {[%emt 00:01:52]} a5 {[%clk 01:11:41]} {[%emt
00:01:24]} 20. b3 {[%clk 00:26:53]} {[%emt 00:02:42]} g6 {[%clk 01:07:22]}
{[%emt 00:04:48]} 21. h3 {[%clk 00:23:20]} {[%emt 00:04:04]} Rd8+ {[%clk
01:06:56]} {[%emt 00:00:57]} 22. Ke2 {[%clk 00:20:07]} {[%emt 00:03:42]} b5
{[%clk 01:04:09]} {[%emt 00:03:16]} 23. f4 {[%clk 00:18:33]} {[%emt 00:02:04]}
Nc6 {[%clk 01:03:19]} {[%emt 00:01:20]} 24. g4 {[%clk 00:18:16]} {[%emt
00:00:47]} b4 {[%clk 01:01:43]} {[%emt 00:02:07]} 25. Be4 {[%clk 00:17:55]}
{[%emt 00:00:50]} Bd7 {[%clk 01:00:52]} {[%emt 00:01:21]} 26. Rc1 {[%clk
00:15:06]} {[%emt 00:03:20]} bxc3 {[%clk 00:56:29]} {[%emt 00:04:53]} 27. Rxc3
{[%clk 00:13:15]} {[%emt 00:02:21]} Nd4+ {[%clk 00:56:45]} {[%emt 00:00:14]} 28.
Kf2 {[%clk 00:13:24]} {[%emt 00:00:20]} Re8 {[%clk 00:52:18]} {[%emt 00:04:58]}
29. Bg2 {[%clk 00:13:10]} {[%emt 00:00:43]} c6 {[%clk 00:41:06]} {[%emt
00:11:42]} 30. Rc4 {[%clk 00:12:02]} {[%emt 00:01:39]} Ne6 {[%clk 00:40:11]}
{[%emt 00:01:24]} 31. Bxc6 {[%clk 00:10:23]} {[%emt 00:02:09]} Bxc6 {[%clk
00:40:23]} {[%emt 00:00:18]} 32. Rxc6+ {[%clk 00:10:46]} {[%emt 00:00:07]} Kb7
{[%clk 00:40:28]} {[%emt 00:00:25]} 33. Rc4 {[%clk 00:10:29]} {[%emt 00:00:47]}
Rd8 {[%clk 00:40:28]} {[%emt 00:00:30]} 34. f5 {[%clk 00:09:30]} {[%emt
00:01:30]} Nd4 {[%clk 00:37:24]} {[%emt 00:03:33]} 35. Rc5 {[%clk 00:09:03]}
{[%emt 00:00:58]} Kb6 {[%clk 00:34:40]} {[%emt 00:03:14]} 36. Re5 {[%clk
00:08:19]} {[%emt 00:01:14]} Nc6 {[%clk 00:33:38]} {[%emt 00:01:31]} 37. Nc4+
{[%clk 00:08:10]} {[%emt 00:00:40]} Kb7 {[%clk 00:29:54]} {[%emt 00:04:13]} 38.
Nxa5+ {[%clk 00:08:25]} {[%emt 00:00:14]} Nxa5 {[%clk 00:30:17]} {[%emt
00:00:09]} 39. Rxa5 {[%clk 00:08:51]} {[%emt 00:00:04]} Rd2+ {[%clk 00:29:38]}
{[%emt 00:01:08]} 40. Kf3 {[%clk 00:07:23]} {[%emt 00:01:58]} Rd3+ {[%clk
00:27:15]} {[%emt 00:02:54]} 41. Kf4 {[%clk 00:06:59]} {[%emt 00:00:54]} Rxh3
{[%clk 00:26:55]} {[%emt 00:00:48]} 42. Re5 {[%clk 00:05:25]} {[%emt 00:02:05]}
f6 {[%clk 00:24:14]} {[%emt 00:03:11]} 43. Re7+ {[%clk 00:05:09]} {[%emt
00:00:46]} Kb8 {[%clk 00:23:31]} {[%emt 00:01:13]} 44. fxg6 {[%clk 00:02:40]}
{[%emt 00:03:00]} hxg6 {[%clk 00:23:41]} {[%emt 00:00:19]} 45. Re3 {[%clk
00:02:15]} {[%emt 00:00:56]} g5+ {[%clk 00:22:19]} {[%emt 00:01:51]} 46. Ke4
{[%clk 00:02:23]} {[%emt 00:00:23]} Rh2 {[%clk 00:22:03]} {[%emt 00:00:46]} 47.
a4 {[%clk 00:02:16]} {[%emt 00:00:37]} Rg2 {[%clk 00:18:21]} {[%emt 00:04:11]}
48. Kf3 {[%clk 00:01:35]} {[%emt 00:01:11]} Rd2 {[%clk 00:18:35]} {[%emt
00:00:16]} 49. b4 {[%clk 00:01:19]} {[%emt 00:00:47]} Rd1 {[%clk 00:18:08]}
{[%emt 00:00:57]} 50. a5 {[%clk 00:01:22]} {[%emt 00:00:27]} Rf1+ {[%clk
00:18:04]} {[%emt 00:00:34]} 51. Kg3 {[%clk 00:01:28]} {[%emt 00:00:23]} Rg1+
{[%clk 00:17:26]} {[%emt 00:01:08]} 52. Kh3 {[%clk 00:01:43]} {[%emt 00:00:16]}
Rh1+ {[%clk 00:17:24]} {[%emt 00:00:31]} 53. Kg2 {[%clk 00:02:06]} {[%emt
00:00:07]} Rb1 {[%clk 00:17:21]} {[%emt 00:00:34]} 54. Re4 {[%clk 00:02:16]}
{[%emt 00:00:20]} Rb2+ {[%clk 00:17:32]} {[%emt 00:00:20]} 55. Kf3 {[%clk
00:02:37]} {[%emt 00:00:08]} Rb3+ {[%clk 00:16:53]} {[%emt 00:01:08]} 56. Ke2
{[%clk 00:03:00]} {[%emt 00:00:07]} Kb7 {[%clk 00:16:23]} {[%emt 00:01:01]} 57.
Re7+ {[%clk 00:02:49]} {[%emt 00:00:41]} Kb8 {[%clk 00:16:39]} {[%emt
00:00:14]} 58. Re4 {[%clk 00:02:49]} {[%emt 00:00:30]} Kb7 {[%clk 00:16:59]}
{[%emt 00:00:10]} 59. Rc4 {[%clk 00:03:11]} {[%emt 00:00:08]} Kb8 {[%clk
00:16:32]} {[%emt 00:00:57]} 60. Kd2 {[%clk 00:03:27]} {[%emt 00:00:13]} Kb7
{[%clk 00:16:24]} {[%emt 00:00:38]} 61. Kc2 {[%clk 00:03:41]} {[%emt 00:00:16]}
Rf3 {[%clk 00:16:09]} {[%emt 00:00:44]} 62. b5 {[%clk 00:03:09]} {[%emt
00:01:03]} f5 {[%clk 00:13:02]} {[%emt 00:03:36]} 63. a6+ {[%clk 00:00:42]}
{[%emt 00:03:00]} Kb6 {[%clk 00:13:12]} {[%emt 00:00:19]} 64. Ra4 {[%clk
00:00:45]} {[%emt 00:00:27]} Rf4 {[%clk 00:11:13]} {[%emt 00:02:28]} 65. Rxf4
{[%clk 00:01:04]} {[%emt 00:00:11]} gxf4 {[%clk 00:11:36]} {[%emt 00:00:07]} 66.
gxf5 {[%clk 00:01:29]} {[%emt 00:00:05]} f3 {[%clk 00:11:54]} {[%emt 00:00:12]}
67. Kd3 {[%clk 00:01:55]} {[%emt 00:00:04]} 1-0

[Event "English Open Championship 2024"]
[Site "Holiday Inn, 212 Abbey End, Kenilworth CV8 1ED, United Kingdom"]
[Date "2024.06.20"]
[Round "1.30"]
[White "Kilambi, Venkata Ananth Akshay"]
[Black "Liu, Jack"]
[Result "0-1"]
[TimeControl "G90 + 30secs/move"]
[WhiteFideId "489395"]
[BlackFideId "8627894"]
[WhiteElo "1865"]
[BlackElo "2051"]

1. c4 {[%clk 01:30:57]} {[%emt 00:00:02]} e5 {[%clk 01:30:35]} {[%emt
00:00:25]} 2. Nc3 {[%clk 01:31:19]} {[%emt 00:00:09]} Nf6 {[%clk 01:30:34]}
{[%emt 00:00:31]} 3. Nf3 {[%clk 01:31:42]} {[%emt 00:00:06]} Nc6 {[%clk
01:30:55]} {[%emt 00:00:10]} 4. e3 {[%clk 01:32:07]} {[%emt 00:00:04]} Bb4
{[%clk 01:21:12]} {[%emt 00:10:13]} 5. Qc2 {[%clk 01:32:27]} {[%emt 00:00:10]}
Bxc3 {[%clk 01:19:57]} {[%emt 00:01:46]} 6. Qxc3 {[%clk 01:31:24]} {[%emt
00:01:32]} Qe7 {[%clk 01:14:29]} {[%emt 00:05:58]} 7. d4 {[%clk 01:24:39]}
{[%emt 00:07:16]} Ne4 {[%clk 01:05:40]} {[%emt 00:09:19]} 8. Qd3 {[%clk
01:21:15]} {[%emt 00:03:53]} exd4 {[%clk 00:56:55]} {[%emt 00:09:15]} 9. Nxd4
{[%clk 01:21:36]} {[%emt 00:00:09]} O-O {[%clk 00:53:08]} {[%emt 00:04:17]} 10.
a3 {[%clk 01:10:02]} {[%emt 00:12:04]} Nc5 {[%clk 00:48:02]} {[%emt 00:05:36]}
11. Qe2 {[%clk 00:58:44]} {[%emt 00:11:48]} Nxd4 {[%clk 00:46:19]} {[%emt
00:02:14]} 12. exd4 {[%clk 00:59:08]} {[%emt 00:00:06]} Qxe2+ {[%clk 00:46:33]}
{[%emt 00:00:16]} 13. Bxe2 {[%clk 00:59:25]} {[%emt 00:00:13]} Nb3 {[%clk
00:46:55]} {[%emt 00:00:08]} 14. Rb1 {[%clk 00:59:50]} {[%emt 00:00:04]} Nxd4
{[%clk 00:46:27]} {[%emt 00:00:59]} 15. Bd3 {[%clk 00:56:23]} {[%emt 00:03:57]}
Re8+ {[%clk 00:40:27]} {[%emt 00:06:29]} 16. Be3 {[%clk 00:55:23]} {[%emt
00:01:30]} d6 {[%clk 00:40:01]} {[%emt 00:00:57]} 17. O-O {[%clk 00:53:43]}
{[%emt 00:02:09]} Bf5 {[%clk 00:34:07]} {[%emt 00:06:24]} 18. Rfd1 {[%clk
00:45:11]} {[%emt 00:09:02]} Bxd3 {[%clk 00:34:02]} {[%emt 00:00:35]} 19. Rxd3
{[%clk 00:45:34]} {[%emt 00:00:07]} Nf5 {[%clk 00:33:03]} {[%emt 00:01:29]} 20.
Bd2 {[%clk 00:43:49]} {[%emt 00:02:15]} Re4 {[%clk 00:27:20]} {[%emt 00:06:13]}
21. Rc1 {[%clk 00:39:31]} {[%emt 00:04:48]} Rae8 {[%clk 00:22:20]} {[%emt
00:05:30]} 22. Kf1 {[%clk 00:36:57]} {[%emt 00:03:03]} Rd4 {[%clk 00:12:11]}
{[%emt 00:10:40]} 23. Rxd4 {[%clk 00:30:36]} {[%emt 00:06:52]} Nxd4 {[%clk
00:12:40]} {[%emt 00:00:01]} 24. Be3 {[%clk 00:27:05]} {[%emt 00:04:00]} Nf5
{[%clk 00:11:47]} {[%emt 00:01:24]} 25. Bd2 {[%clk 00:26:20]} {[%emt 00:01:14]}
f6 {[%clk 00:08:57]} {[%emt 00:03:20]} 26. c5 {[%clk 00:19:46]} {[%emt
00:07:05]} Kf7 {[%clk 00:05:18]} {[%emt 00:04:08]} 27. cxd6 {[%clk 00:15:39]}
{[%emt 00:04:38]} cxd6 {[%clk 00:05:41]} {[%emt 00:00:06]} 28. g4 {[%clk
00:14:28]} {[%emt 00:01:40]} Nd4 {[%clk 00:04:20]} {[%emt 00:01:51]} 29. Bb4
{[%clk 00:13:49]} {[%emt 00:01:10]} Nc6 {[%clk 00:00:35]} {[%emt 00:04:16]} 30.
Bxd6 {[%emt 00:00:34]} Re4 {[%clk 00:00:36]} {[%emt 00:00:27]} 31. h3 {[%clk
00:11:19]} {[%emt 00:02:57]} Rd4 {[%clk 00:00:40]} {[%emt 00:00:26]} 32. Bc5
{[%clk 00:11:05]} {[%emt 00:00:44]} Rd3 {[%clk 00:01:00]} {[%emt 00:00:10]} 33.
Kg2 {[%clk 00:08:04]} {[%emt 00:03:31]} Rb3 {[%clk 00:01:09]} {[%emt 00:00:21]}
34. Rc2 {[%clk 00:08:26]} {[%emt 00:00:09]} Ke6 {[%clk 00:01:22]} {[%emt
00:00:17]} 35. Be3 {[%clk 00:08:29]} {[%emt 00:00:26]} g6 {[%clk 00:01:09]}
{[%emt 00:00:43]} 36. Bd2 {[%clk 00:06:20]} {[%emt 00:02:39]} Rd3 {[%clk
00:00:36]} {[%emt 00:01:03]} 37. Bc3 {[%clk 00:05:52]} {[%emt 00:00:58]} Ne7
{[%clk 00:00:37]} {[%emt 00:00:29]} 38. Rd2 {[%clk 00:05:05]} {[%emt 00:01:17]}
Rxd2 {[%clk 00:00:34]} {[%emt 00:00:33]} 39. Bxd2 {[%emt 00:00:27]} Nd5 {[%clk
00:00:38]} 40. f4 {[%clk 00:05:26]} {[%emt 00:00:38]} f5 {[%clk 00:00:52]}
{[%emt 00:00:16]} 41. g5 {[%clk 00:05:17]} {[%emt 00:00:40]} Nb6 {[%clk
00:00:44]} {[%emt 00:00:37]} 42. Kf3 {[%clk 00:04:39]} {[%emt 00:01:08]} Kd5
{[%clk 00:01:05]} {[%emt 00:00:10]} 43. b3 {[%clk 00:02:08]} {[%emt 00:03:00]}
Kd4 {[%clk 00:01:16]} {[%emt 00:00:20]} 44. a4 {[%clk 00:01:36]} {[%emt
00:01:02]} Nd5 {[%clk 00:01:17]} {[%emt 00:00:27]} 45. b4 {[%clk 00:01:37]}
{[%emt 00:00:31]} a6 {[%clk 00:01:30]} {[%emt 00:00:17]} 46. b5 {[%clk
00:01:02]} {[%emt 00:01:05]} axb5 {[%clk 00:01:52]} {[%emt 00:00:07]} 47. axb5
{[%clk 00:01:28]} {[%emt 00:00:04]} Kc4 {[%clk 00:01:25]} {[%emt 00:00:56]} 48.
Ke2 {[%clk 00:01:32]} {[%emt 00:00:27]} Kxb5 {[%clk 00:01:36]} {[%emt
00:00:19]} 49. Kd3 {[%clk 00:01:58]} {[%emt 00:00:04]} Kc5 {[%clk 00:02:02]}
{[%emt 00:00:04]} 50. Bc1 {[%clk 00:01:35]} {[%emt 00:00:52]} Nb4+ {[%clk
00:02:19]} {[%emt 00:00:13]} 51. Ke3 {[%clk 00:01:10]} {[%emt 00:00:54]} Kc4
{[%clk 00:02:39]} {[%emt 00:00:11]} 52. Bb2 {[%clk 00:00:54]} {[%emt 00:00:46]}
Nd5+ {[%clk 00:03:04]} {[%emt 00:00:06]} 53. Kf3 {[%clk 00:01:19]} {[%emt
00:00:04]} Kd3 {[%clk 00:03:30]} {[%emt 00:00:04]} 54. Be5 {[%clk 00:00:55]}
{[%emt 00:00:55]} b5 {[%clk 00:03:54]} {[%emt 00:00:06]} 55. Kf2 {[%clk
00:00:55]} {[%emt 00:00:29]} b4 {[%clk 00:04:14]} {[%emt 00:00:10]} 56. Ke1
{[%clk 00:01:14]} {[%emt 00:00:11]} b3 {[%clk 00:04:34]} {[%emt 00:00:10]} 57.
Kd1 {[%clk 00:01:37]} {[%emt 00:00:07]} Ke4 {[%clk 00:04:45]} {[%emt 00:00:20]}
58. Kc1 {[%clk 00:01:03]} {[%emt 00:01:04]} Nxf4 {[%emt 00:00:59]} 0-1